|
|
|
|
| LEADER |
00000nab a2200000 a 4500 |
| 001 |
vtls000784745 |
| 003 |
SK-MaSNL |
| 005 |
20260302154945.0 |
| 008 |
160314c2002 xo 0 slo |
| 015 |
|
|
|a SNBRB2002/02-06337
|
| 035 |
|
|
|a CLN000136417
|
| 040 |
|
|
|a SNKBUCL
|b slo
|c SNKBUCL
|e AACR2
|
| 041 |
0 |
|
|a slo
|
| 044 |
|
|
|a xo
|c SK
|
| 080 |
|
|
|a 82:929:882
|2 UDC-MRF-SK2
|
| 080 |
|
|
|a 882:929
|2 UDC-MRF-SK2
|
| 080 |
|
|
|a 82.035
|2 UDC-MRF-SK2
|
| 100 |
1 |
|
|a Baláž, Anton,
|d 1943-
|4 ain
|9 103540
|
| 245 |
1 |
0 |
|a Otvorené stavidlá ruskej pamäti
|b ruský prekladateľ Oleg Malevič navštívil Slovensko
|c pripravil Anton Baláž
|
| 300 |
|
|
|b Fotogr.
|
| 600 |
1 |
7 |
|a Malevič, Oleg Michajlovič,
|d 1928-
|2 snkbucl
|9 852620
|
| 655 |
|
7 |
|a články z novín a časopisov
|2 snkbucl
|9 267496
|
| 700 |
1 |
|
|a Malevič, Oleg Michajlovič,
|d 1928-
|4 aut
|4 uin
|9 852620
|
| 773 |
0 |
|
|x 1210-1982
|t Knižná revue
|g Roč. 12, č. 2 (2002), s. 7
|
| 850 |
|
|
|a Slovenská národná knižnica v Martine
|
| 852 |
|
|
|a SNK
|b KIS3GCP
|
| 958 |
|
|
|a RU
|
| 958 |
|
|
|a LX
|
| 999 |
|
|
|c 1369913
|d 1371843
|